00271 a2200121 4500001000700000020001500007040003500022100003700057240002200094245001700116300000700133362000900140149264 a8532601502 cEscola São Tomás de Aquino aD´ASSUMPÇÃO, Gislaine Maria10aPingo de luzlpor10aPingo de luz a430 a1998